MARC details
| 000 -LEADER |
| fixed length control field |
01146nam a2200385 a 4500 |
| 001 - CONTROL NUMBER |
| control field |
vtls001720502 |
| 003 - CONTROL NUMBER IDENTIFIER |
| control field |
NLI |
| 005 - DATE AND TIME OF LATEST TRANSACTION |
| control field |
20210628163851.0 |
| 008 - FIXED-LENGTH DATA ELEMENTS--GENERAL INFORMATION |
| fixed length control field |
130523m1867uuuumau 000 0 eng |
| 022 ## - INTERNATIONAL STANDARD SERIAL NUMBER |
| International Standard Serial Number |
8755481X |
| ISSN-L |
8755481X |
| 039 #9 - LEVEL OF BIBLIOGRAPHIC CONTROL AND CODING DETAIL [OBSOLETE] |
| -- |
201305231617 |
| -- |
VLOAD |
| 040 ## - CATALOGING SOURCE |
| Original cataloging agency |
NLI |
| Language of cataloging |
eng |
| Transcribing agency |
Datasoft_AC |
| Description conventions |
AACR2 |
| 041 0# - LANGUAGE CODE |
| Language code of text/sound track or separate title |
eng |
| 044 ## - COUNTRY OF PUBLISHING/PRODUCING ENTITY CODE |
| MARC country code |
mau |
| 082 04 - DEWEY DECIMAL CLASSIFICATION NUMBER |
| Classification number |
345.05 |
| 245 04 - TITLE STATEMENT |
| Title |
The American law review |
| 260 ## - PUBLICATION, DISTRIBUTION, ETC. |
| Place of publication, distribution, etc. |
Boston : |
| Name of publisher, distributor, etc. |
Little, Brown, |
| Date of publication, distribution, etc. |
1867- |
| 300 ## - PHYSICAL DESCRIPTION |
| Extent |
-v. ; |
| Dimensions |
25 cm. |
| 310 ## - CURRENT PUBLICATION FREQUENCY |
| Current publication frequency |
Bimonthly |
| Date of current publication frequency |
1883-1929 |
| 321 ## - FORMER PUBLICATION FREQUENCY |
| Former publication frequency |
Quarterly |
| Dates of former publication frequency |
1866-79 |
| 321 ## - FORMER PUBLICATION FREQUENCY |
| Former publication frequency |
Monthly |
| Dates of former publication frequency |
1880-82. |
| 362 1# - DATES OF PUBLICATION AND/OR SEQUENTIAL DESIGNATION |
| Dates of publication and/or sequential designation |
Vol. 1, no. 1 (Oct. 1866)-v. 63, no. 2 (Mar.-Apr.-May 1929) |
| 650 #0 - SUBJECT ADDED ENTRY--TOPICAL TERM |
| Topical term or geographic name entry element |
Law |
| Geographic subdivision |
Massachusetts |
| Form subdivision |
Periodicals |
| 650 #0 - SUBJECT ADDED ENTRY--TOPICAL TERM |
| Topical term or geographic name entry element |
Law |
| Geographic subdivision |
United States |
| Form subdivision |
Periodicals |
| 9 (RLIN) |
793831 |
| 650 #0 - SUBJECT ADDED ENTRY--TOPICAL TERM |
| Topical term or geographic name entry element |
Recht |
| 9 (RLIN) |
1039294 |
| 650 #0 - SUBJECT ADDED ENTRY--TOPICAL TERM |
| Topical term or geographic name entry element |
Droit |
| Geographic subdivision |
Massachusetts |
| Form subdivision |
Periodiques |
| 650 #0 - SUBJECT ADDED ENTRY--TOPICAL TERM |
| Topical term or geographic name entry element |
Droit |
| Geographic subdivision |
Etats-Unis |
| Form subdivision |
Periodiques |
| 650 #0 - SUBJECT ADDED ENTRY--TOPICAL TERM |
| Topical term or geographic name entry element |
Droit |
| 9 (RLIN) |
946747 |
| 651 #0 - SUBJECT ADDED ENTRY--GEOGRAPHIC NAME |
| Geographic name |
Etats-Unis |
| Form subdivision |
Periodicals |
| 9 (RLIN) |
922268 |
| 710 2# - ADDED ENTRY--CORPORATE NAME |
| Corporate name or jurisdiction name as entry element |
Asutosh Collection (National Library, India) |
| 887 ## - NON-MARC INFORMATION FIELD |
| Content of non-MARC field |
|
| 901 ## - LOCAL DATA ELEMENT A, LDA (RLIN) |
| a |
27831 |
| 9 |
v.42 |
| 902 ## - LOCAL DATA ELEMENT B, LDB (RLIN) |
| a |
AC 345.05 U |
| 942 ## - ADDED ENTRY ELEMENTS (KOHA) |
| Source of classification or shelving scheme |
Dewey Decimal Classification |
| Koha item type |
Books |